000 01123nas a2200265 454500
001 39357
005 20260407193510.0
008 260407s1994####ag###########|||spa#d
003 AR-UNSa-BCEJYS
040 _aAR-UNSa-BCEJYS
_bspa
_cAR-UNSa-BCEJYS
080 _a311.3
_xOrganización general de las estadisticas. Estadística oficial
245 1 0 _aNotas sobre política estadística en el mundo
022 _a0328-1175
264 1 _aBuenos Aires :
_bINDEC
_c1994
310 _aFrecuencia: Irregular
520 _aResponde al propósitos de dar a conocer aspectos de la estadística oficial de distintos países relacionados con la organización, el funcionamiento, las prioridades y otros aspectos en los que se reflejan las respectivas políticas estadísticas.
041 _aspa
942 _cSER
590 _aniveau_biblio:s niveau_hierar:1
100 1 _aInstituto Nacional de Estadística y Censos (INDEC)
650 _aESTADISTICA
650 _aCondiciones económicas
650 _aProcesamiento de datos
856 4 1 _uhttps://biblioeco.unsa.edu.ar/pmb/images/revistas/R20321.jpg
_yImagen de portada
_qimage/jpeg
999 _c8832
_d8832